00600nam a2200205 a 4500001001300000003000900013005001700022008004100039020002300080082002200103100001800125245005000143260004300193300000900236500003500245505002500280650003700305650003400342700001800376nice12345678IN_TiNIC20260116014025.0080623s2006 lona grp 000 0 eng  a0415314259 c35000a791.43682494bDWY aDwyer, Rachel aFilming the Godsb Religion and Indian Cinema aLondon bRoutledge Chapman Hall c2006 a198p aincludes index and biblioraphy2 anotes, biblio, index aMotion Pictures-Religious Aspect aMotion Pictures-India-history1 aDwyer, Rachel